Logo BPK

Biblioteka

Politechniki Koszalińskiej

Analiza zawodności samochodów osobowych / (Rekord nr 28499)

Szczegóły MARC
000 -ETYKIETA REKORDU
podpole kontrolne o stałej długości 00906nam a2200265 i 4500
001 - NUMER KONTROLNY REKORDU
pole kontrolne 28499
003 - IDENTYFIKATOR NUMERU KONTROLNEGO REKORDU
podpole kontrolne KOSZ 005
005 - DATA OSTATNIEJ MODYFIKACJI REKORDU
podpole kontrolne 20220113075837.0
008 - POLE O STAŁEJ DŁUGOŚCI - DANE KONTROLNE
podpole kontrolne o stałej długości 961010s1985 pl f |000 0 pol d
040 ## - ŹRÓDŁO KATALOGOWANIA
Instytucja, która utworzyła rekord KOSZ 005
Instytucja, która sporządziła opis KOSZ 005
Instytucja, która dokonała modyfikacji KOSZ 005/HR
041 ## - KOD JĘZYKA
Kod języka tekstu pol
046 ## - DATY KODOWANE
Pojedyncza data lub początek okresu powstania dzieła lub zbioru dzieł 1985
080 ## - UNIWERSALNA KLASYFIKACJA DZIESIĘTNA - UKD
UKD 629.33-192
100 1# - NAZWA OSOBOWA
Nazwa osobowa Lewicki, Jan
Dopowiedzenie (budowa i eksploatacja maszyn)
Określenie rodzaju współpracy Autor
245 #0 - TYTUŁ/ODPOWIEDZIALNOŚĆ
Tytuł Analiza zawodności samochodów osobowych /
Pozostałe elementy strefy tytułu i oznaczenia odpowiedzialności J.Lewicki.
260 ## - STREFA ADRESU WYDAWNICZEGO
Miejsce wydania Szczecin :
Nazwa wydawcy/dystrybutora Wydawnictwo Uczelniane Politechniki Szczecińskiej,
Data publikacji, dystrybucji/powstania dokumentu 1985.
380 ## - FORMA I TYP PUBLIKACJI
Forma i typ publikacji Książki
388 ## - CZAS POWSTANIA
Czas powstania 1901-2000
388 ## - CZAS POWSTANIA
Czas powstania 1945-1989
650 #7 - HASŁO PRZEDMIOTOWE W FORMIE NAZWY OGÓLNEJ LUB JEDNOSTKOWEJ
Nazwa ogólna lub geograficzna Samochody osobowe
658 ## - TERMIN INDEKSOWY - PRZEDMIOT PROGRAMU NAUCZANIA
Główny przedmiot programu nauczania Inżynieria i technika
710 2# - HASŁO DODATKOWE - NAZWA CIAŁA ZBIOROWEGO
Nazwa ciała zbiorowego lub jednostki geograficznej Wydawnictwo Uczelniane Politechniki Szczecińskiej
Kod określenia powiązania pbl
856 ## - LOKALIZACJA I DOSTĘP DO ELEKTRONICZNYCH DOKUMENTÓW ZDALNYCH
Link (URL) http://koha.tu.koszalin.pl/cgi-bin/koha/opac-detail.pl?biblionumber=28499
Tekst linku Katalog online BPK
942 ## - DODATKOWE ELEMENTY (KOHA)
Typ dokumentu Książka
Schemat klasyfikacji Uniwersalna Klasyfikacja Dziesiętna
Egzemplarze
Wycofany Status egzemplarza Uszkodzony Dostępność Lokalizacja stała Lokalizacja bieżąca Miejsce przechowywania Sygnatura Kod kreskowy Ostatnio wypożyczono Typ dokumentu
      Dostępny Biblioteka Politechniki Koszalińskiej Biblioteka Politechniki Koszalińskiej Wypożyczalnia BG 34313 01173468 08.11.2013 Książka
© 2023 Biblioteka Politechniki Koszalińskiej :: KOHA